01018nas a2200337 4500001001300000003000900013005001700022007000300039008003400042040005400076041000900130072001300139100001900152100002300171100002100194100002100215100002000236245008100256650001900337650001200356650002200368650001600390650002100406650001400427650001500441650002300456650001800479650002700497773010200524856005400626BR2015004331BR-BrBNA20231205125610.0ta230509b bl.|||p| |||| 00| 00por d aBR-BrBNAbporcBiblioteca Nacional de Agricultura a(En) aL50; N101 aKawabata, C.Y.1 aJesus, L. de A. de1 aSilva, A.P.V. da1 aSousa, T.V.R. de1 aCruz, L.F.B. da1 aPhysiological responses of caprines raised under different types of covering aCAPRINOCULTURA aCAPRINO aFISIOLOGIA ANIMAL aTEMPERATURA aCONTROLE TERMICO aBEM-ESTAR aRESPIRACAO aCONTROLE AMBIENTAL aPRODUTIVIDADE aINSTALACAO PARA ANIMAL0 tEngenharia Agrícola (Brazil)xISSN 1809-4430g(Sep-Oct 2013), v. 33(5) p. 910-918wBR201500433140uhttp://www.scielo.br/pdf/eagri/v33n5/a03v33n5.pdf